Virtuálne a hybridné eventy - východisko z núdze alebo udržateľný trend?

Zmeny a trendy v eventovom marketingu pod vplyvom aktuálnej sociálnej a ekonomickej situácie. Nárast významu sociálnych komunít v budúcnosti. Motivácie potenciálneho spotrebiteľa.

Saved in:
Bibliographic Details
Main Author: Štrbová, Edita
Format: Book Chapter
Language:Slovak
Subjects:
Tags: Add Tag
No Tags, Be the first to tag this record!

MARC

LEADER 00000naa a2200000 4500
001 0279274
005 20211025135253.8
041 0 |a slo 
044 |a CZ 
245 1 0 |a Virtuálne a hybridné eventy - východisko z núdze alebo udržateľný trend?  |c Edita Štrbová 
520 |a Zmeny a trendy v eventovom marketingu pod vplyvom aktuálnej sociálnej a ekonomickej situácie. Nárast významu sociálnych komunít v budúcnosti. Motivácie potenciálneho spotrebiteľa. 
610 2 0 |a marketing 
610 2 0 |a komunikácia marketingová 
610 2 0 |a komunity 
610 2 0 |a event marketing 
610 2 0 |a propagácia 
610 2 0 |a technológie komunikačné 
100 1 |a Štrbová, Edita